Slovensko-rakúsko-maďarské Podunajsko
Na minha lista:
| Outros Autores: | |
|---|---|
| Formato: | Livro |
| Idioma: | eslovaco |
| Publicado em: |
Bratislava
Geoinfo
2000
|
| Colecção: | Regióny bez hraníc
|
| Assuntos: | |
| Tags: |
Sem tags, seja o primeiro a adicionar uma tag!
|
MARC
| LEADER | 00000nam a2200000 4500 | ||
|---|---|---|---|
| 001 | c136111 | ||
| 005 | 20221123133442.8 | ||
| 020 | |a 80-88975-18-2 | ||
| 041 | 0 | |a slo | |
| 044 | |a SK | ||
| 245 | 1 | 0 | |a Slovensko-rakúsko-maďarské Podunajsko |c Zostavil: Daniel Kollár |
| 264 | 1 | |a Bratislava |b Geoinfo |c 2000 | |
| 300 | |a 351 s. | ||
| 490 | 1 | |a Regióny bez hraníc | |
| 830 | 0 | |a Regióny bez hraníc | |
| 610 | 2 | 0 | |a turistika |
| 610 | 2 | 0 | |a príroda |
| 610 | 2 | 0 | |a vlastiveda |
| 610 | 2 | 0 | |a Slovensko |
| 610 | 2 | 0 | |a Podunajsko |
| 610 | 2 | 0 | |a Rakúsko |
| 610 | 2 | 0 | |a Maďarsko |
| 610 | 2 | 0 | |a pamiatky |
| 610 | 2 | 0 | |a história |
| 610 | 2 | 0 | |a geografia |
| 700 | 1 | |a Kollár, Daniel | |